Statistics for Countries that start with I

Click here to take the quiz!

General Stats

  • This quiz has been taken 49 times
    (40 since last reset)
  • The average score is 7 of 8

Answer Stats

HintAnswer% Correct
2India
95%
1Iceland
92%
3Indonesia
89%
4Iran
84%
5Iraq
84%
6Ireland
81%
8Italy
81%
7Israel
62%

Score Distribution

Percentile by Number Answered

Percent of People with Each Score

Your Score History

You have not taken this quiz since the last reset